<?xml version="1.0" encoding="UTF-8"?>
<record
    xmlns:xsi="http://www.w3.org/2001/XMLSchema-instance"
    xsi:schemaLocation="http://www.loc.gov/MARC21/slim http://www.loc.gov/standards/marcxml/schema/MARC21slim.xsd"
    xmlns="http://www.loc.gov/MARC21/slim">

  <leader>00701nam a22001817a 4500</leader>
  <controlfield tag="008">090713t        xxu||||| |||| 00| 0 eng d</controlfield>
  <datafield tag="082" ind1=" " ind2=" ">
    <subfield code="a">281.720962</subfield>
    <subfield code="b">COP</subfield>
    <subfield code="2">22</subfield>
  </datafield>
  <datafield tag="110" ind1="1" ind2=" ">
    <subfield code="a">Business Magazine &amp; Multimedia.</subfield>
    <subfield code="9">8007</subfield>
  </datafield>
  <datafield tag="245" ind1="0" ind2="0">
    <subfield code="a">The Coptic Museum, Old Churches &amp; Monument</subfield>
    <subfield code="h">[videorecording] /</subfield>
    <subfield code="c">Business Magazine &amp; Multimedia.</subfield>
  </datafield>
  <datafield tag="260" ind1=" " ind2=" ">
    <subfield code="a">[Egypt] :</subfield>
    <subfield code="b">Business Magazine &amp; Multimedia, [2000?]</subfield>
    <subfield code="c">[2000?]</subfield>
  </datafield>
  <datafield tag="300" ind1=" " ind2=" ">
    <subfield code="a">1 videodisc (120 min.) : </subfield>
    <subfield code="b">sd., col. ; </subfield>
    <subfield code="c">4 3/4 in.</subfield>
  </datafield>
  <datafield tag="306" ind1=" " ind2=" ">
    <subfield code="a">120 min.</subfield>
  </datafield>
  <datafield tag="610" ind1=" " ind2=" ">
    <subfield code="9">14215</subfield>
    <subfield code="a">Coptic Church</subfield>
  </datafield>
  <datafield tag="650" ind1=" " ind2="0">
    <subfield code="a">Christian antiquities </subfield>
    <subfield code="z">Egypt.</subfield>
    <subfield code="9">14218</subfield>
  </datafield>
  <datafield tag="651" ind1=" " ind2=" ">
    <subfield code="9">14214</subfield>
    <subfield code="a">Egypt</subfield>
    <subfield code="x">Religious life and customs</subfield>
  </datafield>
  <datafield tag="651" ind1=" " ind2=" ">
    <subfield code="9">14217</subfield>
    <subfield code="a">Egypt </subfield>
    <subfield code="x">Church history</subfield>
  </datafield>
  <datafield tag="942" ind1=" " ind2=" ">
    <subfield code="2">ddc</subfield>
    <subfield code="c">CDVDDOC</subfield>
  </datafield>
  <datafield tag="999" ind1=" " ind2=" ">
    <subfield code="c">12350</subfield>
    <subfield code="d">12350</subfield>
  </datafield>
  <datafield tag="952" ind1=" " ind2=" ">
    <subfield code="0">0</subfield>
    <subfield code="1">0</subfield>
    <subfield code="2">ddc</subfield>
    <subfield code="4">0</subfield>
    <subfield code="7">0</subfield>
    <subfield code="a">MAIN</subfield>
    <subfield code="b">MAIN</subfield>
    <subfield code="c">LOW</subfield>
    <subfield code="d">2009-07-14</subfield>
    <subfield code="e">Purchase</subfield>
    <subfield code="h">1</subfield>
    <subfield code="l">1</subfield>
    <subfield code="o">281.720962 COP</subfield>
    <subfield code="p">000017479</subfield>
    <subfield code="r">2022-08-24 00:00:00</subfield>
    <subfield code="s">2009-07-26</subfield>
    <subfield code="w">2009-07-14</subfield>
    <subfield code="y">CDVDDOC</subfield>
  </datafield>
  <datafield tag="952" ind1=" " ind2=" ">
    <subfield code="0">0</subfield>
    <subfield code="1">0</subfield>
    <subfield code="2">ddc</subfield>
    <subfield code="4">0</subfield>
    <subfield code="7">0</subfield>
    <subfield code="a">MAIN</subfield>
    <subfield code="b">MAIN</subfield>
    <subfield code="c">LOW</subfield>
    <subfield code="d">2011-09-25</subfield>
    <subfield code="e">Purchase</subfield>
    <subfield code="l">0</subfield>
    <subfield code="o">281.720962 COP</subfield>
    <subfield code="p">000024884</subfield>
    <subfield code="r">2022-08-24 00:00:00</subfield>
    <subfield code="w">2011-09-25</subfield>
    <subfield code="y">CDVDDOC</subfield>
  </datafield>
</record>
